00572cam a22001931a 450000100060000000300080000600500170001400800410003103500190007204000370009104100080012808200210013610000180015724500350017526000520021030000220026250000520028465000420033618677BD-RjUL20211209000323.0140222r19611957enk f 0 eng d a(BD-RjUL)18735 aZNUCDbengcZNUCDdXNTUdBD-RjUL aeng a823.91bBRR 19611 aBraine, John.10aRoom at the top /cJohn Braine aLondon :bPenguin Books,c1957 [reprinted 1961] a234 p. :c19 cm.  aEd. transcribed: Harmondsworth : Penguin, 1959. a Working class v Fiction. zEngland